000 01279nam a2200253Ia 4500
999 _c56183
_d56183
001 23284
003 GE_BSU
005 20251117203123.0
008 181216s||||||||xx |||||||||||||| ||und||
020 _a978-9941-0-1957-9
040 _cGE_BSU
080 _a94(479.223-25)"1921
100 _aთოიძე, ლევან
_91561
245 _aბრძოლა ბათუმისათვის :
_b1921 წლის მარტი /
_c ლევან თოიძე ; გამოსაც. მოამზადა, წინათქმა და კომენტ. დაურთო და რედ. გაუკეთა ოთარ ჯანელიძემ.
264 _aთბილისი :
_b[ახალი აზრი],
_c2009
300 _a60გვ. ;
_c21სმ.
504 _aბიბლიოგრ. ტექსტ. შენიშვნ. და გვ. 59
541 _h4 ლ.
653 _aბათუმის ისტორია, 1921 წ.
653 _aბრძოლა ბათუმისათვის : 1921 წლის მარტი
700 _aჯანელიძე, ოთარ
_eრედაქტორი
_91743
710 _aპოლიტოლოგიის ინ-ტი
_9769
942 _cBK
_2udc